| 000 | 00662cab a2200205 4500 | ||
|---|---|---|---|
| 001 | WB2733-20 | ||
| 008 | 090401t1991 xxu||||| |||| 00| 0 eng d | ||
| 035 | _a(Sirsi) u64628 | ||
| 041 | _aeng | ||
| 245 | _aLets break all the rules | ||
| 260 | _c1991 | ||
| 350 | _a0 | ||
| 490 |
_aEvening Standard _v21/5/91 p30 |
||
| 520 | _aAnalyses contradictory views over whether residential rents in the private sector are rising or falling. | ||
| 650 | _aASSOCIATION OF RESIDENTIAL LETTING AGENTS | ||
| 650 | _aSOCIAL HOUSING | ||
| 690 | _aPROPERTY-RESIDENTIAL PROPERTY-RESIDENTIAL LANDLORD AND TENANT-RESIDENTIAL TENANCIES | ||
| 942 | _n0 | ||
| 948 | _c04/03/1997 | ||
| 999 |
_c40261 _d40261 |
||